00922nam a2200229Ii 45000010005000000030009000050080041000140400033000550410008000880820012000961100047001082450022001552640067001773000012002443360026002563370028002823380027003109400050003379990017003879520147004049520141005513582CO-ViMGA241108s9999||||xx |||||||||||||| ||und|| aCO-ViMGAbspaerdacCO-ViMGA0 aspa04a498 I591 aInstituto Lingüístico de Verano95282810aEstudios Guahibos 1aBogotá, Colombia : Instituto Lingüístico de Verano, 1978 avolumen atextbtxt2rdacontent aunmediatedbn2rdamedia avolumebnc2rdacarrier aidficha_siabuc: 3496. -- ficha_no_siabuc:3582 c47788d47788 001040708FPatriMetaaMEVIGERRbMEVIGERRcLOCALd2006-11-27hVol.1o498 I59pECA2101r2024-11-26 09:37:36tEj.1w2024-11-26yBKz3496 | 5146 001040708FPatriMetaaMEVIGERRbMEVIGERRcLOCALd2009-07-08o498 I59pECA18874r2024-11-26 09:37:36tEj.2w2024-11-26yBKz3496 | 5145